000 00466nam a22001457a 4500
003 MACL
005 20170618121957.0
008 170618b xxu||||| |||| 00| 0 eng d
040 _cMACL
100 _aडाॅ. राजेंद्र प्रसाद
_967569
245 _aभारतीय शिक्षा
260 _aदिल्‍ली
_bप्रभात प्रकाशन
_c2011
650 _aशिक्षा
_967570
942 _2ddc
_cHIN
999 _c56591
_d56591